The female vampire

Bibliographic Details
Format: Book
Published: Kuala Lumpur : Maxim Press
Series:The ghost stories
Subjects:

MARC

LEADER 00000cam a2200000 7i4500
001 0000002391
005 20220105103936.0
008 070712
020 |a 9833638961 
090 0 0 |a JP   |b AD ENG (2759) 
245 0 4 |a The female vampire 
260 |a Kuala Lumpur :   |b Maxim Press 
440 4 |a The ghost stories 
500 |a Children age 4-6 years old (yellow) 
650 0 |a Horror 
650 0 |a Junior preschool   |x English   |x Languages 
999 |a 0000968304   |b Book   |c Children Collection   |e Perbadanan Perpustakaan Awam Johor 
999 |a 0000968305   |b Book   |c Children Collection   |e Perbadanan Perpustakaan Awam Johor 
999 |a 0000968306   |b Book   |c Children Collection   |e Perbadanan Perpustakaan Awam Johor 
999 |a 0000968307   |b Book   |c Children Collection   |e Perbadanan Perpustakaan Awam Johor 
999 |a 0000968308   |b Book   |c Children Collection   |e Perbadanan Perpustakaan Awam Johor 
999 |a 0001052929   |b Book   |c Children Collection   |e Cawangan Segamat 
999 |a 0001079914   |b Book   |c Children Collection   |e Cawangan Bandar Penawar 
999 |a 0001079917   |b Book   |c Children Collection   |e Cawangan Segamat